Relations between profitability and indebtedness

Analýza vzťahov ukazovateľov rentability a zadlženosti na vzorke podnikov. Ukazovatele rentability, konkrétne rentabilita majetku a kapitálu a ukazovatele zadlženosti. Ukazovatele rentability umožňujú stanoviť celkovú ziskovosť podniku. Ukazovatele zadlženosti informujú o štruktúre a výške záväzkov...

Descrizione completa

Salvato in:
Dettagli Bibliografici
Autore principale: Oriskóová, Denisa
Natura: Capitolo di libro
Lingua:slovacco
Soggetti:
Tags: Aggiungi Tag
Nessun Tag, puoi essere il primo ad aggiungerne!!

MARC

LEADER 00000naa$a2200000$$$4500
001 0236215
005 20240502073824.0
041 0 |a slo 
044 |a SK 
245 1 0 |a Relations between profitability and indebtedness  |c Denisa Oriskóová 
520 |a Analýza vzťahov ukazovateľov rentability a zadlženosti na vzorke podnikov. Ukazovatele rentability, konkrétne rentabilita majetku a kapitálu a ukazovatele zadlženosti. Ukazovatele rentability umožňujú stanoviť celkovú ziskovosť podniku. Ukazovatele zadlženosti informujú o štruktúre a výške záväzkov v širšom zmysle. Autorka zisťuje, či zmeny v zadlženosti podniku vypočítané na základe rentability majetku a rentability vlastného imania korešpondujú so zmenou ukazovateľa zadlženosti. 
610 2 0 |a podnik 
610 2 0 |a rentabilita 
610 2 0 |a ukazovatele rentability 
610 2 0 |a zadlženosť 
610 2 0 |a zdravie podniku finančné 
100 1 |a Oriskóová, Denisa